Delicious / directed and written by Nele Mueller-Stofen ; produced by Janine Jackowski, Jonas Dombach, Maren Ade. (Record no. 20956)

000 -LEADER
fixed length control field 01055nam a22002417a 4500
008 - FIXED-LENGTH DATA ELEMENTS--GENERAL INFORMATION
fixed length control field 250528b xxu||||| |||| 00| 0 eng d
040 ## - CATALOGING SOURCE
Original cataloging agency Cagayan State University
Description conventions RDA
082 ## - DEWEY DECIMAL CLASSIFICATION NUMBER
Classification number 791.4372
Item number D353 2025
245 ## - TITLE STATEMENT
Title Delicious / directed and written by Nele Mueller-Stofen ; produced by Janine Jackowski, Jonas Dombach, Maren Ade.
260 ## - PUBLICATION, DISTRIBUTION, ETC. (IMPRINT)
Place of publication, distribution, etc Germany :
Name of publisher, distributor, etc Netflix,
Date of publication, distribution, etc 2025.
300 ## - PHYSICAL DESCRIPTION
Extent 1 videofile (ca. 102 mins.) :
Other physical details sound, color.
520 ## - SUMMARY, ETC.
Summary, etc A wealthy German family on holiday in rural France becomes entangled with a young hotel worker whose dark secrets unravel their lives. As tensions rise, the line between hospitality and horror blurs.
521 ## - TARGET AUDIENCE NOTE
Target audience note Rated PG-13 for thematic elements and brief strong language.
650 ## - SUBJECT ADDED ENTRY--TOPICAL TERM
Topical term or geographic name as entry element Psychological.
650 ## - SUBJECT ADDED ENTRY--TOPICAL TERM
Topical term or geographic name as entry element Thriller.
700 ## - ADDED ENTRY--PERSONAL NAME
Personal name Pachner, Valerie, star.
700 ## - ADDED ENTRY--PERSONAL NAME
Personal name Yardım, Fahri, star.
700 ## - ADDED ENTRY--PERSONAL NAME
Personal name Diaz, Carla, star.
700 ## - ADDED ENTRY--PERSONAL NAME
Personal name Schuberth, Naila, star.
700 ## - ADDED ENTRY--PERSONAL NAME
Personal name Griebe, Frank, cinematographer.
700 ## - ADDED ENTRY--PERSONAL NAME
Personal name Wodraschke, Andreas, editor.
942 ## - ADDED ENTRY ELEMENTS (KOHA)
Source of classification or shelving scheme
Item type Audio-Visual Materials
Holdings
Source of acquisition Price effective from Permanent location Date last seen Not for loan Date acquired Source of classification or shelving scheme Koha item type Collection code Shelving location Damaged status Lost status Withdrawn status Current location Full call number
Donation2025-05-28Cagayan State University - Carig Library2025-05-28 2025-05-28 Audio-Visual MaterialsElectronic Media CenterElectronic Media Center   Cagayan State University - Carig Library791.4372 D353 2025

Cagayan State University University Library, Carig Campus
Tuguegarao City, Cagayan 3500 | www.csucarig.edu.ph

Powered by Koha